Statistics for Australian Country of Birth by Religion

Click here to take the quiz!

General Stats

  • This quiz has been taken 115 times
  • The average score is 38 of 50

Answer Stats

Religion%Answer% Correct
Christianity5.1%United Kingdom
98%
Judaism4.5%United Kingdom
98%
Hinduism0.8%United Kingdom
98%
Islam2.6%India
96%
Christianity0.7%India
96%
Hinduism51.0%India
96%
Judaism2.5%United States
94%
Buddhism9.8%China
91%
Islam9.1%Pakistan
91%
Islam2.3%Indonesia
87%
Islam3.5%Iraq
87%
Islam3.0%Iran
85%
Judaism1.9%Russia
84%
Christianity1.3%Italy
83%
Buddhism8.6%Thailand
83%
Buddhism18.4%Vietnam
83%
Buddhism1.5%Japan
82%
Hinduism0.6%Bangladesh
80%
Islam5.5%Bangladesh
80%
Judaism1.0%Germany
80%
Christianity0.5%Germany
80%
Judaism6.7%Israel
80%
Hinduism1.3%Malaysia
78%
Buddhism5.9%Malaysia
78%
Hinduism0.7%New Zealand
78%
Judaism1.0%New Zealand
78%
Christianity2.0%New Zealand
78%
Christianity1.8%Philippines
78%
Christianity0.7%Greece
77%
Christianity0.5%South Korea
76%
Hinduism10.2%Nepal
74%
Hinduism4.7%Sri Lanka
72%
Buddhism7.9%Sri Lanka
72%
Judaism1.8%Poland
70%
Buddhism4.4%Cambodia
68%
Christianity0.5%Ireland
68%
Christianity0.8%South Africa
67%
Judaism13.3%South Africa
67%
Hinduism0.9%South Africa
67%
Islam3.4%Turkey
67%
Buddhism1.3%Laos
63%
Islam7.1%Afghanistan
62%
Buddhism1.4%Myanmar
62%
Islam5.7%Lebanon
60%
Hinduism0.7%Singapore
59%
Hinduism6.4%Fiji
57%
Buddhism1.8%Taiwan
54%
Judaism2.8%Ukraine
44%
Islam1.6%Saudi Arabia
43%
Judaism1.2%Hungary
32%

Score Distribution

Percentile by Number Answered

Percent of People with Each Score

Your Score History

You have not taken this quiz